[Event "Politiken Cup 18th"]
[Site "Copenhagen"]
[Date "1996.??.??"]
[Round "8"]
[White "Rozentalis, Eduardas"]
[Black "Kortschnoj, Viktor Lvovich"]
[Result "1-0"]
[WhiteElo "2605"]
[BlackElo "2645"]
[Annotator "Wedberg,T"]
[PlyCount "70"]
[EventDate "1996.06.??"]
[EventType "swiss"]
[EventRounds "11"]
[EventCountry "DEN"]
[SourceTitle "CBM 054"]
[Source "ChessBase"]
[SourceDate "1996.10.01"]
[SourceVersion "1"]
[SourceVersionDate "1996.10.01"]
[SourceQuality "1"]

1. e4 {Hecht Chekhov} e5 2. Nf3 Nc6 3. Bb5 Nf6 4. O-O Nxe4 5. d4 a6 6. Bd3 (6.
Ba4 {Chekhov} b5 7. Bb3 d5 8. dxe5 Be6) (6. Bxc6 {Chekhov} dxc6 7. Re1 (7. Qe2
Bf5 8. g4 Bg6 9. Nxe5 Qxd4 10. Nxg6 hxg6 11. Nc3 f5 12. Bf4 O-O-O 13. Rad1 Qf6
14. Rxd8+ Kxd8 15. Nxe4 fxe4 16. Qxe4 Bd6 17. Rd1 Kc8 $132 {Maljutin,
E-Rublevsky,S/Sochi/1990/1|0/52/}) 7... Nf6 8. Nxe5 Be7 9. Qe2 Be6 10. Nc3 O-O
11. Nxf7 Rxf7 12. Qxe6 Qxd4 13. Be3 Qh4 14. h3 Bd6 15. Rad1 Re8 16. Qb3 b5 $10
{Velikhanli,F-Litinskaya,M/Manila/1992/0,5/61/}) 6... d5 7. Nxe5 (7. c4 Nxd4 8.
Nxd4 (8. Nxe5 {Chekhov} Bd6 9. Bxe4 Bxe5 10. cxd5 O-O 11. Nc3 Qd6 12. f4 Bf6
13. Kh1 Re8 14. Qd3 g6 $10 {Moroz,A-Buturin,V/Kiev/1986/0,5/41/}) 8... exd4 9.
cxd5 Nf6 10. Re1+ Be7 11. Bc4 O-O 12. a4 c6 13. Qxd4 Nxd5 14. Bxd5 cxd5 15. Nc3
Be6 $15 {Marco,G-Gunsberg,I/Hastings 1895/1/2-1/2 (58)}) (7. dxe5 {Chekhov} Bg4
8. Bf4 Be7 9. Nc3 Nxc3 10. bxc3 O-O 11. h3 Bh5 12. Re1 Qd7 $10 {Johansson,
J-Ornstein,A/Borlange/1992/0|1/36/}) 7... Nxe5 (7... Nxd4 8. Re1 Be6 9. c3 Nc6
10. Nxc6 bxc6 11. Qa4 Qd7 12. Bxe4 dxe4 13. Qxe4 Bd6 14. Nd2 O-O 15. Nf3 Bd5
$10 {Paulsen,L-Morphy,P (2)/USA-ch 1857/1/2-1/2 (53)}) 8. dxe5 Bf5 $146 (8...
Be6 9. Nc3 $16 {Maroczy}) 9. Qe2 Qd7 10. Nd2 Nc5 (10... Nxd2 $5 {Chekhov} 11.
Bxd2 Bc5 $10) 11. Bxf5 Qxf5 12. Nb3 O-O-O (12... Nxb3 13. axb3 Bc5 $10) 13. Re1
h5 14. Nd4 Qg4 15. Qe3 Be7 16. h3 Qg6 17. b4 Ne6 18. c3 Kb8 (18... Nxd4 19.
Qxd4 Kb8 20. Be3 $16) 19. a4 Bg5 $2 (19... Rhe8 $142) 20. Qg3 $1 Nxd4 21. cxd4
(21. Bxg5 {Chekhov} Nc2 22. Bxd8 Rxd8 23. Qxg6 fxg6 $14) 21... Bxc1 22. Qxg6
fxg6 23. Raxc1 $16 {Hecht: beiderseitige B-Schwächen, starker w Freibauer,
Taktik} Rhf8 24. b5 Rf4 (24... axb5 {Chekhov} 25. axb5 Rf4 26. Red1 Kc8) 25.
bxa6 Rxd4 (25... bxa6 26. Rc6 (26. Red1 $5 Kb7 27. Rc5 c6 28. a5 $16) 26...
Rxd4 27. Rxa6 $16 (27. Rxg6 {Chekhov} Rxa4 {[%cal Yc7c2,Yd5d2]} 28. Rxg7 $16))
26. a7+ Ka8 $6 (26... Kxa7 27. Rxc7 Rxa4 (27... Rc4 {Hecht} 28. Rxg7 d4 29. Rb1
d3 30. Rbxb7+ Ka6 31. Rbd7 Rd4 32. Ra7+ Kb6 33. Rgb7+ Kc5 34. Rb1 $13) 28. Rb1
(28. Rxg7 $18 {Chekhov}) 28... Rb8 29. Rxg7 Re4 30. Rxg6 Re8 31. Rg7 Rb8 32.
Re7 $16) 27. Rxc7 Rc4 28. Rxg7 d4 29. e6 d3 30. Rd7 {Hecht: mit sKa7 ginge
jetzt Txd7 nebst Td4} Rcc8 (30... Rxd7 {Chekhov} 31. exd7 Rd4 32. Re8+ $18 (32.
Re8+ {Hecht} Kxa7 33. d8=Q $18)) 31. Rd1 Re8 32. e7 Kxa7 33. R1xd3 Ka6 34. Kh2
Rc6 35. Re3 b6 (35... Rcc8 {Hecht} 36. Re6+ Ka5 37. Rxg6 $18) (35... Rb6 {Hecht
}) (35... b5 {Hecht}) (35... b6 {Hecht} 36. Rd8 $18) 1-0

[Event "Bled ol (Men)"]
[Site "Bled"]
[Date "2002.10.31"]
[Round "6.1"]
[White "Kortschnoj, Viktor Lvovich"]
[Black "Macieja, Bartlomiej"]
[Result "0-1"]
[WhiteElo "2634"]
[BlackElo "2615"]
[Annotator "Macieja,B"]
[PlyCount "120"]
[EventDate "2002.10.26"]
[EventType "team-swiss"]
[EventRounds "14"]
[EventCountry "SLO"]
[SourceTitle "EXT 2003"]
[Source "ChessBase"]
[SourceDate "2002.11.25"]
[SourceVersion "1"]
[SourceVersionDate "2002.11.25"]
[SourceQuality "1"]
[WhiteTeam "Switzerland"]
[BlackTeam "Poland"]
[WhiteTeamCountry "SUI"]
[BlackTeamCountry "POL"]

{That was the first game in my life against the living legend of chess, so I
was very excited and decided to concentrate and prepare as much as it was only
possible.} 1. d4 Nf6 2. c4 e6 3. Nc3 Bb4 4. Qc2 c5 {My favourite line.} 5. dxc5
O-O 6. a3 Bxc5 7. Nf3 b6 8. Bg5 ({The other possibility is} 8. Bf4 Bb7 (8...
Nh5 9. Bg3 Be7 10. e3 Bb7 11. Be2 h6 12. Rd1 a6 13. Rd2 $1 $14 {Gershon -
Macieja, Bermuda 2003}) 9. e3 Nc6 10. Be2 Be7 11. Rd1 Rc8 {with good chances
for equalizing, as it was shown in my games against Alexander Rabinovich 
(European Championship, Saint Vincent 2000) and Mikhail Gurevich (European
Championship, Batumi 2002)}) 8... Bb7 9. e4 ({3 weeks after that game, my
opponent tried to play more positional} 9. e3 h6 10. Bh4 Be7 11. Be2 {but
failed to get any advantage after} a6 12. O-O d6 13. Rfd1 Qc7 14. Bg3 Nh5 $1
$11 {Korchnoi - Macieja, Curacao 2002}) 9... h6 10. Bh4 Be7 11. Rd1 {
preventing development of black's knight} ({After} 11. Be2 d6 12. O-O Nbd7 {
black doesn't have any problem.}) 11... Nh5 12. Bg3 {That move wa s prepared
home. White counts, that as a compensation for a pair of bishops he will open
"h" file and get some attacking chances.} ({More natural is} 12. Bxe7 {though
black easily holds the position} Qxe7 13. Be2 (13. Qd2 f5 $11 {Dao Thien Hai -
Macieja, World Championship under 20, Zagan 1997}) 13... Nf4 14. O-O d6 15.
Rfe1 Rd8 16. Bf1 Nc6 17. Qd2 Ng6 18. Re3 Nge5 $11 {Jacimovic - Macieja,
Olympiad, Elista 1998}) 12... a6 $1 $146 {A very important novelty.} ({After} 
12... Nxg3 13. hxg3 Nc6 14. e5 $1 {white gets a dangerous attack.}) 13. Be2
Nxg3 14. hxg3 Nc6 15. e5 $1 {The only chance to fight for an advantage.} (15.
O-O Rc8 {(with the idea Na5)} 16. b4 a5 $1 17. b5 Nb8 $15 {Sakalauskas -
Macieja, Polanica Zdroj 1997}) 15... Qc7 16. Nd5 {Looks natural, but in fact
leads only to an equal position.} ({I was more afraid of} 16. Qe4 $5 Na5 {
(17.Bd3 was threatening)} 17. Qg4 Bxf3 18. gxf3 Qxe5 (18... Rfc8 {would be too
slow, because of} 19. Rxh6 Nxc4 20. Bxc4 Qxc4 21. Ne4 $18) 19. Rxh6 {Black's
position looks dubious, but hopefully there is a defence:} ({I doubt if white
have enough compensation for a pawn after} 19. Rxd7 $6 Bxa3 $1 20. Rxh6 Bxb2
$15) 19... Qg5 $1 ({All other moves lead to clear advantage for white, for
instance:} 19... Bxa3 20. Rh1 g6 21. Qh4 Qg7 22. bxa3 Qxc3+ 23. Kf1 Qg7 24.
Rxd7 $16) 20. Qxg5 Bxg5 21. Rh5 Bf6 {Now the drawn result is obvious, for
instance:} 22. Rxd7 (22. Na4 g6 $11) 22... g6 23. Rh1 Rac8 24. Ra7 Nxc4 25.
Bxc4 Rxc4 26. Rxa6 Bxc3+ 27. bxc3 Rxc3 28. Ke2 Rc2+ 29. Kf1 $1 $11) 16... exd5
17. cxd5 Rfe8 $1 18. Rh5 $6 {Too aggressive and too optimistic.} ({Correct was
} 18. O-O {with equal position.}) 18... Bf8 $1 $15 {Now my opponent understood
that after playing all aggressive moves he had to start playing carefully to
equalize. After a long thought he played} 19. dxc6 {and ... offered me draw.} (
{I believe} 19. Kf1 $5 {was more precise.}) 19... Qxc6 {I was understanding
that my position was better, so I decided to keep playing.} 20. Qb3 {I think
the correct decision was to change queens.} b5 $1 {A very important move. Now
c4 square is under control and white gets into more serious troubles.} 21. Kf1
Rad8 22. Rh4 Qe6 $1 23. Qc2 $5 {Korchnoi understood very well, that every
ending would be worse for him and preferred to play with queens on a board.} d6
$1 ({It would be a very stupid idea to win a pawn} 23... Bxf3 $2 24. Bxf3 Qxe5
25. Bd5 {and white would get a nice compensation due to a very weak f7 pawn.})
24. exd6 ({A try to complicate the game after} 24. Ng5 {would fail after} Qg6
25. Qxg6 fxg6 26. Nf3 dxe5 27. Rxd8 Rxd8 28. Nxe5 g5 {with clearly better
ending for black.}) 24... Rxd6 ({I decided to change a pair of rooks and made
white king's position less comfortable, though I must admit, that it was also
possible to play} 24... Bxd6 25. Rhd4 Rc8 26. Qd2 Bc5 27. Rd7 Bc6 28. Rd3 Be4
$17) 25. Rxd6 ({After that move Rh4 encountered unsolvable problems to come
back to the game.} 25. Rhd4 $142) 25... Qxd6 $1 $17 (25... Bxd6 26. Rd4) 26.
Kg1 (26. Rd4 $2 Bxf3 27. Rxd6 Bxe2+ 28. Kg1 Bxd6 29. Qc6 Re6 $19) 26... Qc5 $1
27. Qd2 (27. Qxc5 Bxc5 $17) 27... Qb6 28. Bf1 Bd6 29. Qd4 $1 Bc5 30. Qd2 Rd8
31. Qc2 Be7 (31... Qd6 {didn't work, because of} 32. Rf4) 32. Rf4 Bf6 $17 {
Black has a very pleasant endgame. Both bishops are monsters and additionally
white's rook cannot find any work. This is why Korchnoi decides to make the
game more sharp.} 33. a4 $6 (33. Rb4 $17) 33... bxa4 34. Qxa4 {I was short of
time in that moment and only in the last moment I managed to calculate all
lines and play the correct move.} (34. Rxa4 Bxb2 $19) 34... Qxb2 $1 35. Rb4 (
35. Bxa6 $4 Ra8 $19) 35... Bc6 $19 36. Qa5 ({When counting 34...Qxb2! I had
problems to see in the first moment that after} 36. Rxb2 Bxa4 37. Rb4 {I had}
Bb5 $1 38. Bxb5 Rb8 $19) 36... Qc3 37. Qb6 Rd1 {Korchnoi seemed to be very
upset in that moment, but he managed to find the last trick} 38. Qb8+ Kh7 39.
Rb1 $1 Qc2 $1 ({A big surprise! He was probably only counting for} 39... Rxb1
40. Qxb1+ g6 41. Bxa6 Bxf3 42. gxf3 Qxf3 43. Qb7 {with dead draw.}) 40. Rxd1
Qxd1 41. Qf4 {Eventually white got into time trouble either and the rest of
the game was played almost only with 30 seconds per move.} ({There was no
perpetual check after} 41. Qc8 Bb5 42. Qf5+ Kg8 43. Qc8+ {because of} Bd8 $19)
41... Qa1 {A safe move, protecting both a6 pawn and Bf6.} 42. g4 ({The best
chance was to made me scared after} 42. Kh2 $1 {though the ending appearing
after} Qxf1 43. Qf5+ g6 44. Qxf6 Bd5 45. g4 a5 {would be anyway won for black.}
) 42... Bb5 43. Nd2 Bxf1 44. Nxf1 g6 $1 {Black doesn't need to hurry and can
safe his king's position first, before pushing a pawn.} 45. g3 a5 46. Kg2 a4
47. Ne3 Kg7 ({It was not too late to make an unforgivable mistake} 47... a3 $4
48. Nc2 Qc3 49. Nxa3 Qxa3 50. Qxf6 $11) 48. Qd6 Be5 (48... a3 $2 49. Nc2) 49.
Qd5 Qd4 {Black easily wins.} 50. Qa5 Bd6 51. g5 Qe4+ 52. Kh2 Qh4+ 53. Kg2 Qxg5
54. Qxa4 Bxg3 $1 55. fxg3 Qxe3 56. Qc4 h5 57. Qc2 Qd4 58. Qe2 h4 59. g4 Qf4 60.
Kh1 Kh6 ({White could have played one more move before resigning} 60... Kh6 61.
Qf2 $5 {hoping for} Qxf2 $4 (61... Kg5 $19) 62. g5+ $1 Kxg5 {stalemate!}) 0-1

[Event "EU-Cup 18th"]
[Site "Kallithea"]
[Date "2002.09.26"]
[Round "5.3"]
[White "Kortschnoj, Viktor Lvovich"]
[Black "Miroshnichenko, Evgenij"]
[Result "1/2-1/2"]
[WhiteElo "2626"]
[BlackElo "2525"]
[Annotator "Hazai,L"]
[PlyCount "101"]
[EventDate "2002.09.22"]
[EventType "team-swiss"]
[EventRounds "7"]
[EventCountry "GRE"]
[SourceTitle "CBM 092"]
[Source "ChessBase"]
[SourceDate "2003.02.06"]
[SourceVersion "1"]
[SourceVersionDate "2003.02.06"]
[SourceQuality "1"]
[WhiteTeam "Sankt Petersburg"]
[BlackTeam "Momot ShK Alexander"]
[WhiteTeamCountry "RUS"]
[BlackTeamCountry "UKR"]

1. c4 g6 2. d4 Nf6 3. Nc3 Bg7 4. e4 d6 5. Be2 O-O 6. Bg5 c6 (6... Na6 {is the
main line these days, but the old-fashioned}) (6... c5 {is playable as well.})
7. f4 (7. Qd2 e5 8. Nf3 {is supposed to be slightly better for White.}) 7... d5
{This is a very rare continuation connected with a positional P sacrifice.} (
7... Qa5 {- Sorin-Zapata, Schahin Cury 1997 CBM 61}) (7... Na6 {transposes to
the main line of 6...Na6.}) 8. Bxf6 (8. e5 {is strongly met by the standard}
Ne4 $1 9. Nxe4 dxe4 10. Qd2 c5 11. d5 f6 12. exf6 exf6 13. Bh4 Qb6 14. Bf2 Rd8
15. Qc2 f5 $13 {Hermesmann-Gutman, Hamburg 1999}) 8... exf6 $5 {[%mdl 8] This
positional P sacrifice is not so easy at all!} (8... Bxf6 {allows White to get
a big advantage in the [+] :} 9. e5 Bg7 10. Nf3 Bh6 11. g3 Bh3 12. Qb3 dxc4 13.
Qxb7 Bg2 14. Rg1 Bxf3 15. Bxf3 Qxd4 16. Ne2 Qe3 17. Rf1 Qb6 18. Qxa8 $16 {
Rogers-Arakhamia, Sydney 1991}) 9. exd5 cxd5 10. cxd5 (10. Nxd5 Nc6 $1 {
and >< d4 is not easy to defend.}) 10... Qd6 {White is a P up, but he has a
double P, and f4 is a real weakness. Black's ^^ has also some perspectives in
the long run.} 11. Qd2 {White has to keep >< f4.} (11. Nf3 Qxf4 12. Qc1 Bh6 13.
Qxf4 Bxf4 14. g3 Bd6 $13) 11... Nd7 (11... Re8 $5 12. Nf3 Bh6 {provoking g3.}
13. g3 Bh3 14. Kf2 Nd7 15. Nb5 Qb6 16. Rhc1 Rac8) 12. Bf3 (12. Nf3 a6 13. O-O
Nb6 $44) 12... a6 (12... f5 $5 {deserves attention.} 13. Nge2 Nb6 14. O-O Bd7 {
with a successful blockade on d6.}) 13. Ne4 Qe7 (13... Qb6 {is strongly met by}
14. f5 $1) 14. Ne2 (14. d6 Qd8 {White cannot hold o^ for long.} 15. Ne2 (15. f5
Nb6) 15... Nb6 16. O-O f5 17. Nc5 Ra7 $1 (17... Qxd6 18. Nxb7 $14) (17... Rb8
18. Qb4 $14) 18. Qb4 a5 19. Qb5 Qxd6 $13) 14... f5 15. Nf2 (15. d6 Qd8 16. Nc5
Ra7 17. O-O Nb6 {- 14.d6}) 15... Qd6 $6 (15... Nf6 16. O-O (16. Nd3 Rd8) 16...
Rd8 $44) 16. Nd3 Nb6 (16... Nf6 17. Qb4 Qd8 18. Nc3 Re8+ 19. Ne5 Bf8 (19... Ne4
20. Bxe4 fxe4 21. O-O $14) 20. Qb3 $14 {and White has a very strong [+].}) 17.
Qb4 Qxb4+ (17... Qd8 18. Qb3 $14) 18. Nxb4 Rd8 19. O-O-O (19. Rc1 {looks more
to the point, the K belongs to f2.} Bf8 20. Nd3 Nxd5 21. Kf2 $14) (19. Kf2 Bf8
20. Nd3 Nxd5 21. Rac1 $14 {- 19.Rc1}) 19... a5 20. Nd3 Nxd5 21. Bxd5 Rxd5 22.
Ne5 Rd8 {Black wants to put his B on the a8-h1 /^.} (22... Be6 23. Nc3 Rc8 24.
Kb1 Rd6 25. d5 $14) 23. Nc3 Bf8 {Black's ^^ is rather strong, so White's o^ on
d4 is not so dangerous.} 24. Kb1 b6 25. Rd2 (25. Nc4 Bb7 26. Rd2 {- 25.Rd2} (
26. Nxb6 Ra6 27. Nc4 Bxg2 $132)) 25... Bb7 26. Nc4 $2 {Now Black's ^^ becomes
very strong.} (26. d5 Rac8 27. Rhd1 f6 28. Nf3 Bb4 $132) (26. Rhd1 Rac8 27. d5
{- 26.d5}) 26... Rab8 (26... Bh6 $1 {was even better!} 27. Rf1 Ba6 28. b3 b5
$36) 27. d5 $6 (27. Rhd1 {was more persistant.}) 27... Bb4 28. Rhd1 b5 $1 {
White's knights lose their posts and have to go back.} 29. Ne3 Bc5 30. Nc2 b4
31. Na4 Ba7 32. b3 Rd6 33. a3 bxa3 34. Ka2 Rbd8 $36 {Now it is White who has
to fight for a draw.} 35. Nc3 Bc5 36. Nxa3 Bb4 37. Nab5 R6d7 38. Kb2 Ba6 39.
Na3 Bd6 40. g3 Rb8 41. Ka2 Bb4 42. Rc2 Rbd8 (42... Rc8 43. Na4) 43. Nc4 Bxc3
44. Rxc3 Rxd5 45. Rxd5 Rxd5 46. Ka3 Kf8 47. h4 h5 48. Nb6 Rd6 49. Na4 Bb5 50.
Nc5 Rd5 51. Nb7 1/2-1/2

[Event "Horgen"]
[Site "Horgen"]
[Date "1995.10.28"]
[Round "7"]
[White "Kortschnoj, Viktor Lvovich"]
[Black "Vaganian, Rafael A"]
[Result "1/2-1/2"]
[WhiteElo "2635"]
[BlackElo "2645"]
[Annotator "Donev,I"]
[PlyCount "107"]
[EventDate "1995.10.??"]
[EventType "tourn"]
[EventRounds "11"]
[EventCountry "SUI"]
[EventCategory "17"]
[SourceTitle "CBM 050"]
[Source "ChessBase"]
[SourceDate "1996.02.01"]
[SourceVersion "1"]
[SourceVersionDate "1996.02.01"]
[SourceQuality "1"]

1. e4 {Kasparov} Nf6 2. e5 Nd5 3. d4 d6 4. Nf3 g6 5. Bc4 c6 6. O-O Bg7 7. Re1
dxe5 8. Nxe5 O-O 9. Bb3 (9. Bf1 Bf5 10. c4 Nb4 11. Na3 Nd7 12. Ng4 Bxg4 13.
Qxg4 e5 14. Bg5 Bf6 15. Bd2 a5 16. Bc3 h5 17. Qd1 exd4 18. Bxd4 Nb6 19. Bxf6
Qxf6 20. c5 Qxb2 21. cxb6 Qxa3 22. Re3 Qb2 23. Re7 Rad8 {Handoko,E-Kupreichik,
V/Moscow olm (13) INA-BLR ;CBM 45 1994/1/2-1/2 (71)}) 9... a5 (9... Nd7 10. Nf3
b5 11. Bxd5 cxd5 12. Nc3 a6 13. Nxd5 e6 14. Nc3 Bb7 15. Ne4 Qc7 16. Bg5 Rac8
17. c3 f5 18. Ned2 Rfe8 19. Bh4 h6 20. h3 g5 21. Bg3 Qc6 22. Nb3 Ba8 23. Re2 f4
24. Bh2 {Kosten,A-Pytel,K/Aix les Bains (04) ;TD 91\02 1991/1-0 (40)}) 10. c3 (
10. a4 Be6 11. c3 Qc7 12. Nd3 Nd7 13. Nd2 Rfe8 14. Ne4 h6 15. Qf3 Bf5 16. Bd2
Qb6 17. Bc2 Rad8 18. Re2 N7f6 $10 19. Nxf6+ exf6 20. b3 Rxe2 21. Qxe2 Bxd3 22.
Qxd3 f5 23. Rd1 Qc7 24. Qf3 Qe7 {Godena,M-Kveinys,A/EU-chT Debrecen (09)
LIT-ITA ;EU-chT 1992/0-1 (35)}) 10... Nd7 (10... Bf5 11. Nd2 Nd7 12. Ndf3 N7f6
13. a4 Qc7 14. Nc4 Rad8 15. Nce5 Nd7 16. Nd3 N7f6 17. h3 Rfe8 18. Bg5 Qb6 19.
c4 Nc7 20. Nc5 Na6 21. Nxa6 Qxa6 22. Bf4 c5 23. d5 Qb6 24. Be5 Bc8 25. Qc2 Nd7
26. Bg3 Nf6 27. Be5 Nd7 28. Bf4 Nb8 {1/2-1/2 Arnason,J-Knezevic,M/Grindavik 
(08) ;MCL 03 1984}) 11. Nf3 N7b6 12. a4 Qc7 13. Bg5 Bg4 14. Nbd2 c5 15. h3 Bxf3
16. Qxf3 e6 17. c4 $2 {Kasparov war entsetzt:"Begräbt den Bb3 und macht den
Bg7 zum Riesen!"} Nb4 18. Bf4 Qc6 19. Qxc6 bxc6 20. dxc5 Nd7 21. Bd6 Nd3 22.
Bxf8 Kxf8 23. Re2 Rb8 24. Rb1 N7xc5 25. Bc2 Nxb2 26. Ne4 Nxe4 27. Bxe4 c5 28.
Bc6 Bd4 29. Rc2 (29. Bb5 $2 Nxc4 $19) 29... Ke7 (29... Rb3 $142 {/\ e5,f5,g5|^}
) 30. Bb5 Nd3 31. Rd1 Nb4 32. Re2 f5 33. g4 Kd6 34. Kg2 e5 35. Kg3 Rf8 36. f3
Ke6 37. Kg2 h5 38. gxh5 gxh5 39. h4 Rd8 40. Kh3 e4 41. fxe4 f4 42. Rg2 Ke5 43.
Rg5+ Kxe4 44. Rxc5 (44. Rxh5 Nd3 45. Rf1 Ke3 $13) 44... Nd3 45. Rxd3 Kxd3 46.
Rxh5 Ke4 47. Bc6+ Ke3 48. Rb5 Rg8 49. Rb3+ Kd2 50. Bd5 Rg7 51. Rf3 Be3 52. h5
Ke2 53. Kh4 Bf2+ 54. Kh3 (54. Rxf2+ $6 Kxf2 55. h6 Re7 $1 (55... Rg1 $4 56. h7
f3 57. Be6 $18) 56. Kg4 (56. Bg8 Re1 57. h7 Rh1+ 58. Kg4 Ke3 $19) 56... Ke3 $36
) 1/2-1/2

[Event "Astana m"]
[Site "Astana"]
[Date "2003.01.11"]
[Round "2"]
[White "Sadvakasov, Darmen"]
[Black "Kortschnoj, Viktor Lvovich"]
[Result "1/2-1/2"]
[WhiteElo "2523"]
[BlackElo "2642"]
[Annotator "Postny,E"]
[PlyCount "87"]
[EventDate "2003.01.10"]
[EventType "match"]
[EventRounds "8"]
[EventCountry "KAZ"]
[SourceTitle "CBM 093"]
[Source "ChessBase"]
[SourceDate "2003.04.01"]
[SourceVersion "1"]
[SourceVersionDate "2003.04.01"]
[SourceQuality "1"]

1. e4 e5 2. Nf3 Nc6 3. Bb5 a6 4. Ba4 Nf6 5. O-O Nxe4 6. d4 b5 7. Bb3 d5 8. dxe5
Be6 9. Be3 Be7 (9... Nc5 $6 10. Nc3 Nxb3 11. cxb3 $1 $14 {Ponomariov,
R-Kortschnoj,V/Donetsk 2001/CBM 81}) 10. c3 O-O (10... Nc5 {- Khalifman,
A-Kortschnoj,V/Ubeda 1997/CBM 58 [Mikhalevski,V]}) ({Another line is} 10... Qd7
{, which was played by Kortschnoj many times as well.}) 11. Nbd2 Bg4 {It looks
like this continuation is the most reliable way to equality.} (11... Qd7 {
- see the commented game Ivanchuk,V-Krasenkow,M/Lvov 2000/CBM 77 [Mikhalevski,
V]}) 12. Nxe4 (12. h3 Nxd2 13. hxg4 Nxf1 14. Kxf1 {1-0 Smagin,S-Kotliar,M/
Philadelphia 1989/EXT 97 (47) This exchange sacrifice can be considered, but
should not be sufficient for more, than equality.}) 12... dxe4 13. Qd5 (13. Bd5
Nxe5 14. Bxe4 Nxf3+ 15. Bxf3 Qxd1 16. Bxd1 Bxd1 17. Rfxd1 Rfd8 $11 {1/2-1/2
Geller,E-Kortschnoj,V/Curacao 1962/Candidates (20)}) 13... Qxd5 (13... exf3 14.
Qxc6 fxg2 15. Qxg2 Qd7 16. Bh6 $1 gxh6 17. f3 $14 {1-0 Kasparov,G-Jussupow,A/
Minsk 1979/URS-ch (41)}) 14. Bxd5 exf3 15. Bxc6 fxg2 16. Rfc1 (16. Kxg2 Rad8
17. h3 Bd7 18. Bxd7 Rxd7 19. Rfd1 Rxd1 20. Rxd1 Rd8 21. Rxd8+ Bxd8 $11 {
1/2-1/2 Dvoirys,S-Wedberg,T/URS 1991/CBM 26 (49)}) 16... Rab8 17. a4 bxa4 $146
(17... b4 $6 18. Bxg2 b3 19. a5 Rb5 20. Ra4 $14 {1-0 Iordachescu,V-Glodeanu,I/
Mamaia 1999/EXT 2000 (34)}) 18. Rxa4 Be6 ({Equivalent is} 18... Be2) 19. b4 Bc4
20. Bxg2 f6 21. Ra5 (21. f4 fxe5 22. fxe5 Rbd8 $132) (21. Bf1 Bb5 $11) 21...
fxe5 22. Bd5+ (22. Rxe5 Bd6 $11) 22... Bxd5 23. Rxd5 Rf6 {Both players are not
really care about the e5 pawn.} 24. Rxe5 Rg6+ 25. Kf1 Bd6 26. Ra5 $6 {A
strange decision. Now white is fighting for a draw.} (26. Rh5 $11) 26... Bxh2
$15 27. Rca1 Rg1+ 28. Ke2 Rxa1 29. Rxa1 Be5 {Black is a pawn up, but his
chances for a win are very low, because of the forced simplification of
position.} 30. Rxa6 Bxc3 31. Rc6 Bxb4 32. Rxc7 {The position is theoretically
drawish, due to lack of material.} Rd8 33. Bc5 Ba5 34. Rb7 Bc3 35. Rb3 Bf6 36.
Rd3 {[%csl Gh1] In case of the exchange of rooks, the defensive task would be
even easier for white, just to give the bishop for black's "g" pawn.} Re8+ 37.
Re3 Rc8 38. Bd6 Rc2+ 39. Kf3 Bg5 40. Re2 Rc6 41. Be5 h5 42. Rb2 Rc5 43. Rb8+
Kh7 44. Ke4 1/2-1/2